Rukoväť audítorských štandardov

Článok popisuje Medzinárodný audítorský štandard (ISA) 805, špeciálne úvahy, audity jednotlivých účtovných výkazov a konkrétnych prvkov, účtov alebo položiek účtovného výkazu. Cieľom auditora je pri aplikácii ISA počas auditu jednotlivého účtovného výkazu, konkrétneho prvku, účtu alebo položky účtov...

Descrizione completa

Salvato in:
Dettagli Bibliografici
Autore principale: Krišková, Petra, 1981-
Altri autori: Užík, Ján, 1969-
Natura: Capitolo di libro
Lingua:slovacco
Soggetti:
Tags: Aggiungi Tag
Nessun Tag, puoi essere il primo ad aggiungerne!!

MARC

LEADER 00000naa a2200000 4500
001 0270281
005 20240502074232.0
041 0 |a slo 
044 |a SK 
245 1 0 |a Rukoväť audítorských štandardov  |c Petra Krišková, Ján Užík 
520 |a Článok popisuje Medzinárodný audítorský štandard (ISA) 805, špeciálne úvahy, audity jednotlivých účtovných výkazov a konkrétnych prvkov, účtov alebo položiek účtovného výkazu. Cieľom auditora je pri aplikácii ISA počas auditu jednotlivého účtovného výkazu, konkrétneho prvku, účtu alebo položky účtovného výkazu venovať náležitú pozornosť prijatiu, plánovaniu a vykonaniu zákazky, ako aj formovanie názoru a vydaniu správy k účtovnej závierke. 
610 2 0 |a audítori 
610 2 0 |a štandardy audítorské medzinárodné 
610 2 0 |a audit 
610 2 0 |a výkazy účtovné 
610 2 0 |a účty 
610 2 0 |a zákazky 
610 2 0 |a závierka účtovná 
610 2 0 |a ISA 805 
100 1 |a Krišková, Petra, 1981- 
700 1 |a Užík, Ján, 1969-